000 00326nam a22001457a 4500
003 SGT
020 _a938426623-X
082 _a615.19
_bSID
100 _aSIDDIQUI, ANEES AHMAD
245 _aMEDICINAL CHEMISTRY
260 _aINDIA
_bBIRLA PUB.
_c2027
300 _a221
650 _aMEDICINAL CHEMISTRY
942 _2ddc
_cBK
999 _c32896
_d32896